000 00647nam a22002177a 4500
003 OSt
005 20160913135055.0
008 160303b xxu||||| |||| 00| 0 eng d
020 _a978-0-07-163317-8
040 _cLIC
082 _22010
_aDC 006.74
_bH325
100 _93359
_aHart-Davis, Guy.
245 _aHTML, XHTML & CSS:
_bQuicksteps/
_cGuy Hart-Davis.
260 _aNew York:
_bMcGraw-Hill,
_c©2010.
300 _axviii, 206 pages:
_bcolor illustrations;
_c20 cm.
365 _b1,395.00
_cPhp
500 _aIncludes index.
650 0 _93360
_aHTML (Document markup language)
650 0 _93361
_aCascading style sheets
942 _2ddc
_cDC
999 _c1184
_d1184